Charlie Kaufman Films - Statistics

General Stats
  • This quiz has been taken 6 times
  • The average score is 8 of 9
Answer Stats
Hint Answer % Correct
2002, as writer and executive producer Best Adapted Screenplay Academy Award nominee Adaptation
100%
1999, as writer and executive producer Best Original Screenplay Academy Award nominee Being John Malkovich
100%
2004, as writer and executive producer Best Original Screenplay Academy Award Winner!! Eternal Sunshine of the Spotless Mind
100%
2020, as writer, director and producer I'm Thinking of Ending Things
100%
2015, as writer, director and producer - co-directed with Duke Johnson Best Animated Feature Academy Award nominee Anomalisa
83%
2002, as writer Confessions of a Dangerous Mind
83%
2001, as writer and producer Human Nature
83%
2008, as writer, director and producer Synecdoche, New York
83%
2023, as director and producer - short film Jackals and Fireflies
33%
No matching quizzes found
Score Distribution
Percent of People with Each Score
Percentile by Number Answered
Your Score History
You have not taken this quiz